100 Biggest Cities of Cuba on a Map - Statistics

General Stats
  • This quiz has been taken 110 times
  • The average score is 18 of 100
Answers on the Map
Answers color-coded by a green-red scale on the quiz's map according to % correct below.
 
Answer Stats
Population City % Correct
2,137,847 Havana
98%
431,272 Santiago de Cuba
88%
217,135 Guantánamo
69%
300,958 Camagüey
64%
211,925 Santa Clara
52%
147,110 Cienfuegos
45%
287,881 HolguÍn
45%
140,230 Pinar del Río
45%
162,957 Las Tunas
38%
133,769 Matanzas
38%
45,041 Trinidad
29%
46,574 Artemisa
26%
104,968 Sancti Spíritus
26%
36,640 San José de las Lajas
26%
114,829 Ciego de Ávila
24%
54,191 Florida
24%
43,062 Baracoa
21%
157,027 Bayamo
21%
98,904 Manzanillo
21%
46,264 Nueva Gerona
19%
88,987 Cárdenas
17%
29,259 Mayarí
17%
60,310 Moa
17%
59,371 Morón
17%
24,244 Niquero
17%
33,811 San Antonio de los Baños
17%
16,569 Santa Cruz del Sur
17%
15,846 Santo Domingo
17%
35,316 Banes
14%
44,177 Colón
14%
47,132 Contramaestre
14%
19,238 Guáimaro
14%
22,839 Guanajay
14%
28,870 Jagüey Grande
14%
13,609 La Fe
14%
74,930 Palma Soriano
14%
12,661 Rafael Freyre
14%
18,637 Remedios
14%
29,119 San Cristóbal
14%
24,084 San Germán
14%
12,675 Santa Marta
14%
26,141 Amancio
12%
23,557 Bauta
12%
30,326 Cabaiguán
12%
12,432 Cacocum
12%
33,683 Caibarién
12%
21,924 Camajuaní
12%
18,611 Campechuela
12%
22,828 Colombia
12%
19,111 Cruces
12%
13,389 Cueto
12%
19,347 Fomento
12%
16,121 Gibara
12%
12,479 Guane
12%
40,855 Güines
12%
21,849 Guisa
12%
24,514 Jatibonico
12%
22,333 Jiguaní
12%
20,309 Jobabo
12%
23,341 La Maya
12%
14,853 Manatí
12%
22,266 Manicaragua
12%
17,271 Mariel
12%
12,707 Mayarí Arriba
12%
38,207 Nuevitas
12%
13,395 Pilón
12%
39,615 Placetas
12%
34,086 Puerto Padre
12%
16,043 Ranchuelo
12%
37,713 Sagua la Grande
12%
34,997 San Luis
12%
12,336 Santa Cruz del Norte
12%
12,807 Velasco
12%
28,890 Vertientes
12%
17,854 Aguada de Pasajeros
10%
17,689 Bahía Honda
10%
15,125 Bartolomé Masó
10%
16,599 Bejucal
10%
12,519 Candelaria
10%
16,540 Chaparra
10%
15,785 Ciro Redondo
10%
28,465 Consolación del Sur
10%
25,031 Cumanayagua
10%
14,046 Esmeralda
10%
25,424 Güira de Melena
10%
26,319 Jovellanos
10%
17,195 Los Palacios
10%
16,117 Media Luna
10%
15,415 Minas
10%
13,533 Palmira
10%
13,949 Pedro Betancourt
10%
12,607 Perico
10%
23,979 Sagua de Tánamo
10%
12,759 San Juan y Martínez
10%
13,142 Yara
10%
14,984 Alquízar
7%
14,525 Río Cauto
7%
12,830 San Nicolás de Bari
7%
12,974 Dos Caminos de San Luis
5%
19,594 Nicaro-Levisa
5%
No matching quizzes found
Score Distribution
Percent of People with Each Score
Percentile by Number Answered
Your Score History
You have not taken this quiz